| 000 -LEADER |
| fixed length control field |
00699nam a22001097a 4500 |
| 008 - FIXED-LENGTH DATA ELEMENTS--GENERAL INFORMATION |
| fixed length control field |
170327b xxu||||| |||| 00| 0 eng d |
| 100 ## - MAIN ENTRY--AUTHOR'S NAME |
| Author's Name |
Miller, George |
| 245 ## - TITLE STATEMENT |
| Title |
Picture postcards in the United States, 1893-1918 |
| 260 ## - PUBLICATION, DISTRIBUTION, ETC. (IMPRINT) |
| Place of publication, distribution, etc. |
New York |
| Name of publisher, distributor, etc. |
Clarkson N. Potter |
| Date of publication, distribution, etc. |
1976 |
| 650 ## - TOPICAL TERM (Tag) |
| Topical term or geographic name |
United States | Post Cards | 1893-1918 | 20th Century | 19th Century | Prices and Values | Postal Stationery | Cards | Exhibitions | Seals, Labels, and Souvenirs | Souvenir Cards | World's Columbian Exposition (1893: Chicago, Ill.) | Advertising Cards | Anniversaries, Celebrations, etc. | Artists and Designers | Patriotic Cards | Greeting Cards | History | Bibliographies | United States in art |
| 700 ## - SECONDARY AUTHOR, EDITOR OR ILLUSTRATOR |
| Personal Name |
Miller, Dorothy |